| 000 | 00734nam a2200205 a 4500 | ||
|---|---|---|---|
| 001 | 000048841 | ||
| 005 | 20201002061441.0 | ||
| 008 | 190416s2016 dr 000 0 spa d | ||
| 020 | _a9789945167603 | ||
| 040 |
_aDO-SdBNP _bspa _cBNPHU |
||
| 082 |
_axxxx _bF316u |
||
| 100 | 1 |
_aFeliz, María T. _976293 |
|
| 245 | 1 | 3 |
_aUn mundo en partículas : _b(Beyond) / _cMaría Teresa Feliz Peguero editor Johan Rosario. |
| 260 |
_aSanto Domingo : _bBuho, _c2016. |
||
| 300 |
_a140 p. ; _c23 cm. |
||
| 500 | _aIncluye datos de la autora en la solapa de la contracubierta | ||
| 500 | _a"Tienes que encontrar tu propio camino, tus recursos y diferenciartes del resto" | ||
| 590 | _aInventariado, 2019/LP | ||
| 700 | 1 |
_aRosario, Johan, _eed. _972317 |
|
| 999 |
_c48329 _d48329 |
||